000
00297nam a22001337a 4500
008
170808b xxu||||| |||| 00| 0 eng d
020
_a
9780072283631
041
_a
eng
080
_2
4TH
_a
004
100
_a
35
101
_a
SHK
245
_a
DATABASE SYSTEM CONCEPTS
_c
SCHATZ,S
942
_2
udc
_c
BK
999
_c
22897
_d
22897